Riconosci il Pokémon - Quiz n°728 - Statistics

Statistiche generali
  • Questo quiz è stato fatto 0 volte
  • Il punteggio medio è 0 su 10
Statistiche sulle risposte
Indizio Riposta % Corretto
Altezza 1,0 m
0%
Tasso di cattura 127 (26%)
0%
Peso 31,5 kg
0%
Sesso 50% ♂, 50% ♀
0%
Pokémon Bibarel
0%
Abilità Disinvoltura; Imprudenza; Altalena
0%
Tasso di allevamento Medio-Veloce
0%
Tipo Normale / Acqua
0%
Stadio evoluzione Prima evoluzione
0%
Generazione Quarta
0%
Nessun quiz corrispondente trovato
Distribuzione punteggi
Percentuale di utenti per punteggio
Percentile per numero di risposta
I tuoi punteggi nel tempo
Non hai fatto questo quiz